000 00530nam a2200169 4500
001 148940
003 ES-MaACL
005 20230906202859.0
007 t|
008 070214s1962 sp r ||||1| spa d
100 1 _aSuper, Donald E.
_9108802
245 1 0 _aPsicología de la vida profesional /
_cDonald E. Super ; [traducción de Helena Estellés].
260 _aMadrid :
_bRialp,
_c1962 (
_fSelecciones Gráficas)
300 _a473 p. ;
_c25 cm.
700 0 _aEstellés, Helena.
_948099
852 _aES-MaACL
_jC-21284
_bR.49822
999 _c148940
_d148940